[Event "POL-chT3 Kujawsko Pomorskie 1516"]
[Site "Poland"]
[Date "2015.11.08"]
[Round "1"]
[White "Kaminsky, Maxim"]
[Black "Tabaczka, Jerzy"]
[Result "0-1"]
[WhiteElo "1221"]
[BlackElo "1750"]
[PlyCount "84"]
[EventDate "2015.11.08"]
[EventType "team-tourn"]
[EventRounds "9"]
[EventCountry "POL"]
[SourceTitle "EXT 2019"]
[Source "ChessBase"]
[SourceDate "2018.10.10"]
[SourceVersion "1"]
[SourceVersionDate "2018.10.10"]
[SourceQuality "1"]

1. e4 c5 2. Nf3 e6 3. d4 cxd4 4. Nxd4 Nf6 5. Bg5 Qa5+ 6. Bd2 Qb6 7. Bc3 Nxe4 8. Qd3 Nxc3 9. Nxc3 Nc6 10. Nxc6 bxc6 11. Rb1 d6 12. Qd2 d5 13. Bd3 Bb4 14. a3 Bd6 15. 0-0 Ba6 16. Bxa6 Qxa6 17. Qd4 f6 18. Qd2 0-0 19. h3 Rab8 20. Ne4 Be7 21. Nc3 e5 22. f4 e4 23. Qd4 Rfd8 24. Qd2 f5 25. Ne2 c5 26. Ng3 g6 27. Ne2 d4 28. Qe1 Bf6 29. c3 d3 30. Ng3 Re8 31. Qd2 e3 32. Qc1 d2 33. Qd1 e2 34. Nxe2 Qxe2 35. Rf2 Qe1+ 36. Rf1 Qe3+ 37. Kh1 Bh4 38. Rf3 Qe4 39. Kg1 Qe1+ 40. Rf1 Qxd1 41. Rfxd1 Re2 42. Kh2 Rd8 0-1